Zodpovednosť člena štatutárneho orgánu kapitálovej obchodnej spoločnosti a návrh zmeny zodpovednostného systému v súkromnom práve

Identifikácia a analýza dosahu zmien navrhovaného zodpovednostného systému na zodpovednosť člena štatutárneho orgánu kapitálových obchodných spoločností, a to primárne vo vzťahu k fiduciárnemu vzťahu člena štatutárneho orgánu a obchodnej spoločnosti. Formulácia pozícií k zmenám osobitnej právnej úpr...

Descrizione completa

Salvato in:
Dettagli Bibliografici
Autore principale: Žitňanská, Lucia
Natura: Capitolo di libro
Lingua:slovacco
Soggetti:
Tags: Aggiungi Tag
Nessun Tag, puoi essere il primo ad aggiungerne!!

MARC

LEADER 00000naa a2200000 4500
001 0256801
005 20190628123549.3
041 0 |a slo 
044 |a SK 
245 1 0 |a Zodpovednosť člena štatutárneho orgánu kapitálovej obchodnej spoločnosti a návrh zmeny zodpovednostného systému v súkromnom práve  |c Lucia Žitňanská 
520 |a Identifikácia a analýza dosahu zmien navrhovaného zodpovednostného systému na zodpovednosť člena štatutárneho orgánu kapitálových obchodných spoločností, a to primárne vo vzťahu k fiduciárnemu vzťahu člena štatutárneho orgánu a obchodnej spoločnosti. Formulácia pozícií k zmenám osobitnej právnej úpravy obchodných spoločností, ktoré sa týkajú zodpovednosti člena štatutárneho orgánu kapitálovej spoločnosti. 
610 2 0 |a legislatíva 
610 2 0 |a zodpovednosť 
610 2 0 |a orgány štatutárne 
610 2 0 |a spoločnosti kapitálové 
610 2 0 |a zákonník obchodný 
100 1 |a Žitňanská, Lucia